000 00669cam a2200217 a 4500
001 000006160
005 20210505110844.0
008 900305s1989 pr 000 p spa
020 _a0865814449
035 _a(DLC) 89623238
040 _aDO-SdBNP
_bspa
_cBNPHU
082 _aPR861.44
_bO16ó
100 1 _aOchart, Yvonne,
_d1951-
_917293
245 1 0 _aObra poética /
_cYvonne Ochart.
260 _aSan Juan, Puerto Rico :
_bInstituto de Cultura Puertorriqueña,
_c1989.
300 _a184 p. ;
_c18 cm.
650 0 _aPoesía puertorriqueña
_917294
650 4 _aLiteratura puertorriqueña
_ySIGLO XX
_95311
910 _aCatalogación por copia / LC
049 _aBNGR
999 _c5956
_d5956